[Event "32. Copenhagen Open (Politiken Cup)"]
[Site "Elsinore"]
[Date "2010.07.31"]
[Round "1"]
[White "Aabling Thomsen, Jakob"]
[Black "Nielsen, Kai Gylling"]
[Result "1-0"]
[WhiteElo "2314"]
[BlackElo "1891"]
[PlyCount "149"]
[EventDate "2010.07.31"]
[EventType "swiss"]
[EventRounds "10"]
[EventCountry "DEN"]
[Source "ChessBase"]
[SourceDate "2010.09.01"]

1. e4 c5 2. Nf3 Nc6 3. Bb5 a6 4. Bxc6 dxc6 5. d3 Nf6 6. Be3 e6 7. Nbd2 Be7 8.
h3 O-O 9. O-O Qc7 10. a4 a5 11. Qe1 b6 12. Nc4 Ba6 13. Nfd2 Bxc4 14. Nxc4 Nd7
15. f4 Rfe8 16. Bd2 e5 17. f5 Qd8 18. Qg3 f6 19. h4 Kh8 20. Qf3 Rg8 21. h5 h6
22. Kf2 Nf8 23. Ke2 Nh7 24. Qg3 Rb8 25. Rh1 Qd7 26. Rh4 b5 27. axb5 cxb5 28.
Nxa5 Ng5 29. Rhh1 c4 30. Rhd1 Qe8 31. Qg4 Qc8 32. dxc4 bxc4 33. Bc3 Bb4 34. Ra4
Bxc3 35. bxc3 Rb2 36. Rd2 Qa6 37. Ra1 Rb5 38. Rd5 Rgb8 39. Nb3 Qc8 40. Rxb5
Rxb5 41. Nd2 Rb2 42. Kd1 Qc5 43. Qe2 Qg1+ 44. Qf1 Qxf1+ 45. Nxf1 Nxe4 46. Ra8+
Kh7 47. Kc1 Rb7 48. Ne3 Nxc3 49. g4 Rb1+ 50. Kd2 Ne4+ 51. Ke2 Nc3+ 52. Kf3 Re1
53. Ng2 Rf1+ 54. Ke3 Nd5+ 55. Ke2 Rc1 56. Nh4 Ne7 57. Ng6 Ng8 58. Ra2 Rg1 59.
Kf3 e4+ 60. Kf4 e3 61. c3 Rc1 62. Kxe3 Rxc3+ 63. Ke4 Rc1 64. Ra4 Ne7 65. Ra8
Ng8 66. Rc8 c3 67. Kd3 Rg1 68. Rc4 Rg3+ 69. Kc2 Re3 70. Nf8+ Kh8 71. Ng6+ Kh7
72. Nf8+ Kh8 73. Ne6 Ne7 74. Rc7 Nd5 75. Rc8+ 1-0

[Event "32. Copenhagen Open (Politiken Cup)"]
[Site "Elsinore"]
[Date "2010.07.31"]
[Round "1"]
[White "Akdag, Dara Sevkan"]
[Black "Andersen, Guttorm"]
[Result "1-0"]
[WhiteElo "2164"]
[BlackElo "1774"]
[PlyCount "119"]
[EventDate "2010.07.31"]
[EventType "swiss"]
[EventRounds "10"]
[EventCountry "DEN"]
[Source "ChessBase"]
[SourceDate "2010.09.01"]

1. d4 d5 2. c4 c6 3. Nc3 Nf6 4. Nf3 e6 5. Bg5 Nbd7 6. e3 Be7 7. cxd5 Nxd5 8.
Bxe7 Qxe7 9. Bd3 Nxc3 10. bxc3 e5 11. Qc2 exd4 12. cxd4 Nf6 13. O-O O-O 14. Ne5
h6 15. a4 Be6 16. a5 Nd5 17. Bh7+ Kh8 18. Be4 Qg5 19. Rfb1 Nxe3 20. fxe3 Qxe3+
21. Kh1 Qxd4 22. Nf3 Qd7 23. a6 bxa6 24. Qxc6 Qxc6 25. Bxc6 Rab8 26. Rxb8 Rxb8
27. Rxa6 Rb1+ 28. Ng1 Rb6 29. Rxb6 axb6 30. Nf3 f6 31. Nd4 Bc4 32. Kg1 Kg8 33.
Kf2 Kf7 34. Ke3 g6 35. Nb5 Ke6 36. Kd4 Bf1 37. Bd5+ Kd7 38. Nc3 Kd6 39. Ne4+
Ke7 40. Nd2 Be2 41. Nc4 b5 42. Nd2 f5 43. Kc5 Kf6 44. Nf3 Bf1 45. Nd2 Be2 46.
Bf3 Bd3 47. Kd4 Bc2 48. Bc6 Ba4 49. Kc5 Ke5 50. Nf3+ Kf4 51. Kd4 Bd1 52. Ne5
Be2 53. Nxg6+ Kg5 54. Ne5 Bf1 55. Nf3+ Kf4 56. Nd2 Be2 57. Bf3 Bxf3 58. Nxf3 b4
59. Ne5 b3 60. Nd3+ 1-0

[Event "32. Copenhagen Open (Politiken Cup)"]
[Site "Elsinore"]
[Date "2010.07.31"]
[Round "1"]
[White "Amarapala, Sherington"]
[Black "Schroer, Marcel"]
[Result "0-1"]
[WhiteElo "1694"]
[BlackElo "2106"]
[PlyCount "86"]
[EventDate "2010.07.31"]
[EventType "swiss"]
[EventRounds "10"]
[EventCountry "DEN"]
[Source "ChessBase"]
[SourceDate "2010.09.01"]

1. e4 c6 2. d4 d5 3. Nc3 dxe4 4. Nxe4 Bf5 5. Ng3 Bg6 6. Nf3 Nf6 7. Ne5 Nbd7 8.
Nxg6 hxg6 9. Be3 e6 10. Bc4 Qc7 11. h3 Bd6 12. Ne2 O-O-O 13. Qd3 Kb8 14. O-O-O
Nb6 15. Bb3 Nbd5 16. Bg5 Nf4 17. Nxf4 Bxf4+ 18. Bxf4 Qxf4+ 19. Qe3 Nd5 20. Bxd5
Qxe3+ 21. fxe3 exd5 22. Rhf1 f6 23. Rf4 Rde8 24. Re1 g5 25. Rg4 Kc7 26. Kd2 Re4
27. Rxe4 dxe4 28. c4 Kd6 29. Kc3 f5 30. a4 Rh4 31. b4 g4 32. hxg4 Rxg4 33. Re2
Rg3 34. Kd2 g5 35. b5 c5 36. d5 Ke5 37. Rf2 f4 38. exf4+ gxf4 39. Ke1 e3 40.
Re2 Ke4 41. Rc2 Rg7 42. a5 Kd3 43. Kd1 f3 0-1

[Event "32. Copenhagen Open (Politiken Cup)"]
[Site "Elsinore"]
[Date "2010.07.31"]
[Round "1"]
[White "Andersen, Claus"]
[Black "Christensen, Svend Ellegaard"]
[Result "0-1"]
[WhiteElo "1839"]
[BlackElo "2226"]
[PlyCount "58"]
[EventDate "2010.07.31"]
[EventType "swiss"]
[EventRounds "10"]
[EventCountry "DEN"]
[Source "ChessBase"]
[SourceDate "2010.09.01"]

1. d4 d5 2. c4 e6 3. Nc3 Nf6 4. cxd5 exd5 5. Bg5 Nbd7 6. e3 Be7 7. Bd3 c6 8.
Qc2 b6 9. Nge2 Bb7 10. O-O-O h6 11. Bf4 b5 12. f3 Rc8 13. Kb1 O-O 14. g4 b4 15.
Na4 c5 16. dxc5 Nxc5 17. Nxc5 Rxc5 18. Qd2 Qb6 19. Nd4 Rd8 20. h4 Kf8 21. Rdg1
Bc8 22. g5 Ng8 23. gxh6 Nxh6 24. Qg2 Bf6 25. Bg5 a5 26. Rc1 Rxc1+ 27. Rxc1 Bd7
28. Qg3 Re8 29. Qf4 Be5 0-1

[Event "32. Copenhagen Open (Politiken Cup)"]
[Site "Elsinore"]
[Date "2010.07.31"]
[Round "1"]
[White "Andersen, Jackie"]
[Black "Andersen, Harry"]
[Result "1-0"]
[WhiteElo "2276"]
[BlackElo "1871"]
[PlyCount "53"]
[EventDate "2010.07.31"]
[EventType "swiss"]
[EventRounds "10"]
[EventCountry "DEN"]
[Source "ChessBase"]
[SourceDate "2010.09.01"]

1. d4 Nf6 2. Nf3 g6 3. c4 Bg7 4. Nc3 d5 5. Bf4 O-O 6. e3 c5 7. dxc5 Qa5 8. Nd2
dxc4 9. Bxc4 Qxc5 10. Rc1 Rd8 11. Nb5 Qb4 12. a3 Qxb2 13. Rc2 Ne4 14. Rxb2 Bxb2
15. Nxe4 Rxd1+ 16. Kxd1 a6 17. Nc7 Ra7 18. Nd5 Nc6 19. Nb6 Bf5 20. Ng5 Bxa3 21.
e4 Bc5 22. Na4 Bxf2 23. exf5 b5 24. Bxf7+ Kf8 25. fxg6 hxg6 26. Rf1 Rd7+ 27.
Bd2 1-0

[Event "32. Copenhagen Open (Politiken Cup)"]
[Site "Elsinore"]
[Date "2010.07.31"]
[Round "1"]
[White "Antonsen, Mikkel"]
[Black "Rundgren, Anders"]
[Result "1-0"]
[WhiteElo "2463"]
[BlackElo "1915"]
[PlyCount "53"]
[EventDate "2010.07.31"]
[EventType "swiss"]
[EventRounds "10"]
[EventCountry "DEN"]
[Source "ChessBase"]
[SourceDate "2010.09.01"]

1. d4 Nf6 2. c4 g6 3. Nc3 Bg7 4. e4 d6 5. f3 O-O 6. Nge2 c5 7. d5 e6 8. Ng3
exd5 9. cxd5 Nh5 10. Nxh5 gxh5 11. Bd3 f5 12. exf5 Na6 13. O-O h4 14. Kh1 Bxf5
15. Ne4 Bxe4 16. Bxe4 Qf6 17. Rb1 Rae8 18. Bd2 h3 19. Rg1 hxg2+ 20. Rxg2 Rf7
21. Qa4 Qd8 22. Qc2 Qh4 23. Rg4 Qh5 24. Rbg1 Kh8 25. Qa4 Ref8 26. Rxg7 Rxg7 27.
Bc3 1-0

[Event "32. Copenhagen Open (Politiken Cup)"]
[Site "Elsinore"]
[Date "2010.07.31"]
[Round "1"]
[White "Astrom, Lars"]
[Black "Tallaksen, Levi Andre"]
[Result "1/2-1/2"]
[WhiteElo "1795"]
[BlackElo "2177"]
[PlyCount "149"]
[EventDate "2010.07.31"]
[EventType "swiss"]
[EventRounds "10"]
[EventCountry "DEN"]
[Source "ChessBase"]
[SourceDate "2010.09.01"]

1. e4 e5 2. Nf3 Nc6 3. Bc4 Be7 4. d4 exd4 5. c3 Na5 6. Qxd4 Nxc4 7. Qxc4 d6 8.
O-O Nf6 9. Bg5 O-O 10. Nbd2 c6 11. Rfe1 Qc7 12. Rad1 Be6 13. Qa4 Rad8 14. Nd4
Bc8 15. N2f3 b5 16. Qc2 h6 17. Bh4 Rfe8 18. e5 Nd5 19. Bxe7 Nxe7 20. exd6 Rxd6
21. Re3 Rf8 22. Rde1 Nd5 23. Re8 Rd8 24. Rxf8+ Rxf8 25. a4 b4 26. cxb4 Nxb4 27.
Qc3 Qd6 28. Rc1 Bd7 29. Qc5 Qxc5 30. Rxc5 Rb8 31. Ne5 Be8 32. g3 f6 33. Nexc6
Nxc6 34. Nxc6 Rxb2 35. Nxa7 Bxa4 36. Nc6 Bc2 37. Nd4 Be4 38. f3 Bb7 39. Rc2
Rxc2 40. Nxc2 Bxf3 41. Kf2 Bd5 42. Ne3 Be4 43. Nc4 Bd3 44. Nd2 Kf7 45. Ke3 Bb5
46. Nf3 Bc6 47. Nd4 Bd5 48. h4 Be6 49. Kf4 g6 50. Nf3 Bd5 51. Nd4 Ke7 52. Nc2
Be6 53. Ne3 Kd6 54. h5 g5+ 55. Ke4 Ke7 56. Nf5+ Bxf5+ 57. Kxf5 Kf7 58. g4 Ke7
59. Kg6 Ke6 60. Kxh6 Kf7 61. Kh7 f5 62. h6 fxg4 63. Kh8 Kg6 64. h7 g3 65. Kg8
g2 66. h8=Q g1=Q 67. Qh7+ Kf6 68. Qf7+ Ke5 69. Kg7 Qb6 70. Qf3 Qd4 71. Kg6 g4
72. Qf5+ Kd6 73. Kh5 g3 74. Qg6+ Kd5 75. Qxg3 1/2-1/2

[Event "32. Copenhagen Open (Politiken Cup)"]
[Site "Elsinore"]
[Date "2010.07.31"]
[Round "1"]
[White "Baklan, Vladimir"]
[Black "Rasmussen, Morten Fredsgaard"]
[Result "1-0"]
[WhiteElo "2638"]
[BlackElo "1956"]
[PlyCount "53"]
[EventDate "2010.07.31"]
[EventType "swiss"]
[EventRounds "10"]
[EventCountry "DEN"]
[Source "ChessBase"]
[SourceDate "2010.09.01"]

1. e4 c6 2. d4 d5 3. e5 Bf5 4. Nf3 e6 5. c3 c5 6. Be3 Qb6 7. Qd2 Nc6 8. Na3 a6
9. Be2 cxd4 10. Nxd4 Nxd4 11. Bxd4 Bc5 12. Bxc5 Qxc5 13. Rd1 Ne7 14. Nc4 O-O
15. Ne3 Bg6 16. h4 f6 17. h5 Be8 18. exf6 Rxf6 19. Ng4 Rf5 20. h6 g6 21. Bd3
Rf8 22. O-O d4 23. cxd4 Qxd4 24. Qe2 Qb6 25. Bc4 Nd5 26. Qe5 Qc7 27. Rxd5 1-0

[Event "32. Copenhagen Open (Politiken Cup)"]
[Site "Elsinore"]
[Date "2010.07.31"]
[Round "1"]
[White "Bejtovic, Jasmin"]
[Black "Moller, Arne"]
[Result "1-0"]
[WhiteElo "2382"]
[BlackElo "1907"]
[PlyCount "51"]
[EventDate "2010.07.31"]
[EventType "swiss"]
[EventRounds "10"]
[EventCountry "DEN"]
[Source "ChessBase"]
[SourceDate "2010.09.01"]

1. d4 Nf6 2. Nf3 e6 3. c4 Bb4+ 4. Nbd2 O-O 5. a3 Be7 6. e4 d5 7. e5 Ne4 8. Qc2
f5 9. exf6 Nxd2 10. Ng5 Ne4 11. fxe7 Qxe7 12. Nxe4 dxe4 13. Qxe4 Nc6 14. Bd3 g6
15. O-O e5 16. Bh6 Rf7 17. d5 Nd4 18. Rae1 Bf5 19. Qe3 Bxd3 20. Qxd3 Qh4 21.
Bd2 Rf5 22. Re4 Qf6 23. f4 Qb6 24. Be3 Qxb2 25. Rxd4 exd4 26. Bxd4 1-0

[Event "32. Copenhagen Open (Politiken Cup)"]
[Site "Elsinore"]
[Date "2010.07.31"]
[Round "1"]
[White "Bratteteig, Tore Inge"]
[Black "Taksrud, Vidar"]
[Result "0-1"]
[WhiteElo "1671"]
[BlackElo "2097"]
[PlyCount "52"]
[EventDate "2010.07.31"]
[EventType "swiss"]
[EventRounds "10"]
[EventCountry "DEN"]
[Source "ChessBase"]
[SourceDate "2010.09.01"]

1. d4 d5 2. Nf3 Nf6 3. e3 g6 4. c4 c6 5. Nc3 Bg7 6. cxd5 cxd5 7. Bd3 O-O 8. O-O
Nc6 9. h3 Bf5 10. a3 Rc8 11. Bxf5 gxf5 12. Bd2 e6 13. Ne5 Nxe5 14. dxe5 Nd7 15.
f4 Nc5 16. Be1 Qb6 17. Rb1 Rfd8 18. Ne2 Ne4 19. Nd4 Rd7 20. g4 fxg4 21. hxg4 f6
22. f5 fxe5 23. fxe6 Rdc7 24. Nf5 Qxe6 25. Nxg7 Rxg7 26. Kh1 Rxg4 0-1

[Event "32. Copenhagen Open (Politiken Cup)"]
[Site "Elsinore"]
[Date "2010.07.31"]
[Round "1"]
[White "Brondum, Eric"]
[Black "Rodvik, Trym Daniel"]
[Result "1/2-1/2"]
[WhiteElo "2145"]
[BlackElo "1750"]
[PlyCount "66"]
[EventDate "2010.07.31"]
[EventType "swiss"]
[EventRounds "10"]
[EventCountry "DEN"]
[Source "ChessBase"]
[SourceDate "2010.09.01"]

1. d4 Nf6 2. c4 e6 3. Nf3 b6 4. g3 Bb7 5. Bg2 d5 6. cxd5 exd5 7. O-O Bd6 8. Nc3
O-O 9. Nb5 Re8 10. Nxd6 Qxd6 11. Bf4 Qe7 12. Rc1 c5 13. dxc5 bxc5 14. Re1 Nbd7
15. a3 Rac8 16. Qa4 Nb6 17. Qc2 d4 18. Bg5 Be4 19. Qd2 h6 20. Bxf6 Qxf6 21. b4
cxb4 22. Rxc8 Rxc8 23. Qxb4 Bxf3 24. Bxf3 d3 25. Bb7 Rc2 26. Ba6 d2 27. Rd1 Qb2
28. Qe7 g6 29. Kg2 Qc1 30. Qe8+ Kg7 31. Qe5+ Kh7 32. Qf4 f5 33. Qd6 Qxd1
1/2-1/2

[Event "32. Copenhagen Open (Politiken Cup)"]
[Site "Elsinore"]
[Date "2010.07.31"]
[Round "1"]
[White "Caceres, Cipriano Sande"]
[Black "Nielsen, John Bauneborg"]
[Result "0-1"]
[WhiteElo "1745"]
[BlackElo "2139"]
[PlyCount "92"]
[EventDate "2010.07.31"]
[EventType "swiss"]
[EventRounds "10"]
[EventCountry "DEN"]
[Source "ChessBase"]
[SourceDate "2010.09.01"]

1. c4 e5 2. Nc3 Nf6 3. Nf3 Nc6 4. g3 d5 5. cxd5 Nxd5 6. Bg2 Nxc3 7. bxc3 Be7 8.
d3 Be6 9. h4 h6 10. e4 Qd7 11. O-O Rd8 12. d4 exd4 13. cxd4 Bf6 14. Qa4 Nxd4
15. Qxd7+ Rxd7 16. Rb1 Ne2+ 17. Kh2 Nxc1 18. Rfxc1 c6 19. e5 Bd8 20. Rb2 Bb6
21. a4 O-O 22. Rcb1 Bf5 23. Rc1 Re8 24. Bh3 Bxh3 25. Kxh3 Rd5 26. Re2 Re6 27.
Rce1 Ba5 28. Rb1 b6 29. Rb3 c5 30. Rbe3 c4 31. Ng1 Bd2 32. Ra3 c3 33. Ra2 Rexe5
34. Rxe5 Rxe5 35. f4 Rc5 36. Rc2 Ra5 37. Nf3 Rxa4 38. Nxd2 cxd2 39. Rxd2 b5 40.
h5 b4 41. g4 b3 42. Rd8+ Kh7 43. Rb8 Ra3 44. Kh4 a5 45. g5 hxg5+ 46. fxg5 Ra4+
0-1

[Event "32. Copenhagen Open (Politiken Cup)"]
[Site "Elsinore"]
[Date "2010.07.31"]
[Round "1"]
[White "Capion, Jon Gotz"]
[Black "Unzicker, Ferdinand"]
[Result "1/2-1/2"]
[WhiteElo "1799"]
[BlackElo "2324"]
[PlyCount "95"]
[EventDate "2010.07.31"]
[EventType "swiss"]
[EventRounds "10"]
[EventCountry "DEN"]
[Source "ChessBase"]
[SourceDate "2010.09.01"]

1. d4 d5 2. Bg5 c6 3. e3 h6 4. Bf4 Qb6 5. b3 Bf5 6. Bd3 Bxd3 7. Qxd3 Nf6 8. Nd2
Nbd7 9. Ngf3 e6 10. O-O Be7 11. c4 c5 12. Ne5 Rd8 13. Ndf3 Nxe5 14. Bxe5 O-O
15. Rfd1 Qa6 16. h3 dxc4 17. bxc4 Nd7 18. Qb3 cxd4 19. exd4 Nxe5 20. Nxe5 Bf6
21. f4 Rfe8 22. a4 Re7 23. Kh2 Qd6 24. Rab1 Qc7 25. Qc3 g6 26. Rb5 Bg7 27. Rdb1
Qd6 28. Rxb7 Rxb7 29. Rxb7 Qxd4 30. Qxd4 Rxd4 31. c5 Bxe5 32. fxe5 Rxa4 33. c6
Kg7 34. c7 Rc4 35. Rxa7 g5 36. Kg3 Kg6 37. Kf3 Kf5 38. c8=Q Rxc8 39. Rxf7+ Kxe5
40. Rh7 Rc3+ 41. Kf2 Kf4 42. Rxh6 Rc2+ 43. Kf1 e5 44. Rf6+ Ke4 45. Rf3 Rc7 46.
Ke2 Kd4 47. Rd3+ Ke4 48. Rf3 1/2-1/2

[Event "32. Copenhagen Open (Politiken Cup)"]
[Site "Elsinore"]
[Date "2010.07.31"]
[Round "1"]
[White "Carstensen, Jacob"]
[Black "Brauener, Jonathan"]
[Result "1-0"]
[WhiteElo "2295"]
[BlackElo "1885"]
[PlyCount "51"]
[EventDate "2010.07.31"]
[EventType "swiss"]
[EventRounds "10"]
[EventCountry "DEN"]
[Source "ChessBase"]
[SourceDate "2010.09.01"]

1. d4 Nf6 2. c4 e6 3. g3 Bb4+ 4. Bd2 Be7 5. Bg2 d5 6. Nf3 O-O 7. O-O b6 8. cxd5
exd5 9. Nc3 Bb7 10. Rc1 c5 11. Ne5 Nc6 12. Nxc6 Bxc6 13. dxc5 bxc5 14. Bg5 Rb8
15. b3 Qa5 16. Bxf6 Bxf6 17. Nxd5 Bxd5 18. Bxd5 Qxa2 19. Rxc5 Rfd8 20. e4 Qa3
21. Rc7 Rf8 22. Qh5 g6 23. Qf3 Qb2 24. Rxa7 Rbc8 25. Qg4 Rc2 26. Rxf7 1-0

[Event "32. Copenhagen Open (Politiken Cup)"]
[Site "Elsinore"]
[Date "2010.07.31"]
[Round "1"]
[White "Christensen, Christoffer Ellegaa"]
[Black "Nielsen, Henning"]
[Result "1-0"]
[WhiteElo "1771"]
[BlackElo "2164"]
[PlyCount "91"]
[EventDate "2010.07.31"]
[EventType "swiss"]
[EventRounds "10"]
[EventCountry "DEN"]
[Source "ChessBase"]
[SourceDate "2010.09.01"]

1. d4 Nf6 2. Nf3 e6 3. Bf4 c5 4. e3 Nc6 5. c3 d5 6. Nbd2 cxd4 7. exd4 Be7 8.
Bd3 O-O 9. O-O h6 10. Ne5 Nxe5 11. Bxe5 Nh7 12. Qg4 Bf6 13. f4 Bxe5 14. fxe5
Qg5 15. Qxg5 hxg5 16. g4 Bd7 17. Rf3 f5 18. gxf5 exf5 19. c4 g4 20. Rf2 Ng5 21.
Kf1 Be6 22. cxd5 Bxd5 23. Ke2 Rad8 24. Rxf5 Ne6 25. Rxf8+ Kxf8 26. Ke3 Ke7 27.
Rg1 Rh8 28. Rxg4 Rh3+ 29. Rg3 Rxh2 30. Nc4 g5 31. a4 Rh4 32. Nd6 Rh2 33. Nf5+
Kd7 34. Bb5+ Kc7 35. Ne7 Ba2 36. d5 a6 37. d6+ Kd8 38. Be2 Kd7 39. Rg1 Rh3+ 40.
Ke4 Rb3 41. Nd5 Rxb2 42. Nf6+ Kd8 43. Ke3 Rb3+ 44. Bd3 Nc5 45. Rh1 Rxd3+ 46.
Ke2 1-0

[Event "32. Copenhagen Open (Politiken Cup)"]
[Site "Elsinore"]
[Date "2010.07.31"]
[Round "1"]
[White "Christensen, Simon Ellegaard"]
[Black "Svane, Rasmus"]
[Result "0-1"]
[WhiteElo "1829"]
[BlackElo "2216"]
[PlyCount "60"]
[EventDate "2010.07.31"]
[EventType "swiss"]
[EventRounds "10"]
[EventCountry "DEN"]
[Source "ChessBase"]
[SourceDate "2010.09.01"]

1. d4 d5 2. Nf3 Nf6 3. g3 e6 4. Bg2 Bd6 5. O-O O-O 6. c4 c6 7. Nc3 Nbd7 8. Re1
b6 9. Qc2 Bb7 10. e4 Nxe4 11. Nxe4 dxe4 12. Rxe4 Be7 13. b3 c5 14. Re2 cxd4 15.
Nxd4 Bxg2 16. Kxg2 Qc7 17. Bb2 Nf6 18. f3 a6 19. Qd2 Rfd8 20. Qg5 h6 21. Qh4
Rd7 22. Nc2 Rad8 23. Be5 Qb7 24. g4 Rd2 25. Rae1 Ne4 26. Qh3 Ng5 27. Qg3 R8d3
28. Nd4 Rxd4 29. Bxd4 Rxd4 30. h4 Nxf3 0-1

[Event "32. Copenhagen Open (Politiken Cup)"]
[Site "Elsinore"]
[Date "2010.07.31"]
[Round "1"]
[White "Christensen, Verner"]
[Black "Ganguly, Surya Shekhar"]
[Result "0-1"]
[WhiteElo "1968"]
[BlackElo "2655"]
[PlyCount "60"]
[EventDate "2010.07.31"]
[EventType "swiss"]
[EventRounds "10"]
[EventCountry "DEN"]
[Source "ChessBase"]
[SourceDate "2010.09.01"]

1. e4 c5 2. d4 cxd4 3. c3 Nf6 4. e5 Nd5 5. cxd4 d6 6. Bc4 Nb6 7. Bb3 Nc6 8. Nf3
dxe5 9. Nxe5 Nxe5 10. dxe5 Qxd1+ 11. Bxd1 Bd7 12. O-O Bc6 13. Bb3 e6 14. Nc3
Bc5 15. Kh1 Bd4 16. f4 O-O-O 17. a4 Bxc3 18. bxc3 Rd3 19. a5 Nd7 20. Ba4 Bxa4
21. Rxa4 Rxc3 22. Bb2 Rc2 23. Bd4 Nc5 24. Rb4 Rd8 25. Rfb1 Rd5 26. h3 Nd3 27.
Rxb7 Rxd4 28. Rb8+ Kd7 29. R1b7+ Rc7 30. a6 Nc5 0-1

[Event "32. Copenhagen Open (Politiken Cup)"]
[Site "Elsinore"]
[Date "2010.07.31"]
[Round "1"]
[White "Christiansen, Jens Jorgen"]
[Black "Percivaldi, Martin"]
[Result "1-0"]
[WhiteElo "2156"]
[BlackElo "1767"]
[PlyCount "123"]
[EventDate "2010.07.31"]
[EventType "swiss"]
[EventRounds "10"]
[EventCountry "DEN"]
[Source "ChessBase"]
[SourceDate "2010.09.01"]

1. d4 d5 2. c4 c6 3. Nc3 Nf6 4. Nf3 a6 5. a4 e6 6. e3 Bd6 7. Bd3 Nbd7 8. O-O
O-O 9. e4 dxe4 10. Nxe4 Nxe4 11. Bxe4 Nf6 12. Bc2 Qc7 13. Bg5 Be7 14. Qd3 g6
15. Qc3 Rd8 16. Rfd1 Kg7 17. a5 b6 18. b3 Bb7 19. axb6 Qxb6 20. Bxf6+ Bxf6 21.
c5 Qc7 22. Ne5 Rd5 23. f4 Rdd8 24. b4 Rdb8 25. Be4 Be7 26. g3 f6 27. Nc4 Rd8
28. Qf3 f5 29. Bc2 Bf6 30. Qe3 Bc8 31. Rab1 Rb8 32. Kg2 Qd7 33. Ne5 Qc7 34. Qc3
Bb7 35. Bb3 Qe7 36. Bc4 Qe8 37. Re1 Bc8 38. Be2 Bd7 39. Bxa6 Ra8 40. Ra1 Ra7
41. Be2 Rda8 42. Ra5 Qb8 43. Rea1 Qb7 44. Bf3 Be8 45. h4 Bd8 46. Rxa7 Rxa7 47.
Rxa7 Qxa7 48. Qb3 Kf6 49. Bxc6 Bxc6+ 50. Nxc6 Qa6 51. b5 Qa8 52. d5 exd5 53.
Qxd5 Bc7 54. Qd4+ Ke6 55. Qe3+ Kd5 56. Qd4+ Ke6 57. Qc4+ Kf6 58. Kh2 Qa1 59.
Qd4+ Qxd4 60. Nxd4 Ke7 61. Kg2 Ba5 62. Nc6+ 1-0

[Event "32. Copenhagen Open (Politiken Cup)"]
[Site "Elsinore"]
[Date "2010.07.31"]
[Round "1"]
[White "Cmilyte, Viktorija"]
[Black "Andersen, Daniel"]
[Result "1-0"]
[WhiteElo "2527"]
[BlackElo "1926"]
[PlyCount "51"]
[EventDate "2010.07.31"]
[EventType "swiss"]
[EventRounds "10"]
[EventCountry "DEN"]
[Source "ChessBase"]
[SourceDate "2010.09.01"]

1. Nf3 Nf6 2. c4 g6 3. Nc3 d5 4. cxd5 Nxd5 5. h4 Bg7 6. h5 c5 7. e4 Nxc3 8.
dxc3 Qxd1+ 9. Kxd1 Bg4 10. h6 Bf6 11. Kc2 Nd7 12. Nh2 Be6 13. f4 Rf8 14. g4 Nb6
15. Bb5+ Bd7 16. Bxd7+ Nxd7 17. e5 Bh8 18. Nf3 f6 19. e6 Nb6 20. f5 O-O-O 21.
Bf4 Nc4 22. Rad1 Ne5 23. Rxd8+ Rxd8 24. Bxe5 fxe5 25. fxg6 hxg6 26. Ng5 1-0

[Event "32. Copenhagen Open (Politiken Cup)"]
[Site "Elsinore"]
[Date "2010.07.31"]
[Round "1"]
[White "Fjellengen, Baard"]
[Black "Jepson, Christian"]
[Result "0-1"]
[WhiteElo "1909"]
[BlackElo "2394"]
[PlyCount "86"]
[EventDate "2010.07.31"]
[EventType "swiss"]
[EventRounds "10"]
[EventCountry "DEN"]
[Source "ChessBase"]
[SourceDate "2010.09.01"]

1. d4 Nf6 2. Nf3 c5 3. e3 g6 4. Nbd2 b6 5. Bd3 Bg7 6. b3 O-O 7. Bb2 Bb7 8. O-O
Nc6 9. a3 d5 10. Qe2 Nh5 11. Ba6 Bxa6 12. Qxa6 Qc7 13. c3 e5 14. dxe5 Nxe5 15.
Nxe5 Qxe5 16. Nf3 Qe4 17. Rac1 Rfd8 18. Rfd1 Qe7 19. Rc2 Nf6 20. Rcd2 Ne4 21.
Rxd5 Bxc3 22. Qd3 Rxd5 23. Qxd5 Re8 24. Bc1 Bf6 25. Qd7 Nc3 26. Qxe7 Rxe7 27.
Rd2 Kg7 28. Kf1 Rc7 29. Bb2 Nb1 30. Bxf6+ Kxf6 31. Ra2 Rd7 32. Ke1 Rd3 33. Rb2
Nxa3 34. Ke2 Rd7 35. Nd2 Ke6 36. Ne4 Nb5 37. Ng5+ Ke7 38. f4 Nc3+ 39. Kf3 h6
40. Ne4 Nxe4 41. Kxe4 a5 42. g4 Rd1 43. f5 g5 0-1

[Event "32. Copenhagen Open (Politiken Cup)"]
[Site "Elsinore"]
[Date "2010.07.31"]
[Round "1"]
[White "Frisvold, Ole Emil"]
[Black "Bach, Matthias"]
[Result "0-1"]
[WhiteElo "1871"]
[BlackElo "2303"]
[PlyCount "82"]
[EventDate "2010.07.31"]
[EventType "swiss"]
[EventRounds "10"]
[EventCountry "DEN"]
[Source "ChessBase"]
[SourceDate "2010.09.01"]

1. d4 Nf6 2. Bg5 c5 3. d5 g6 4. Bxf6 exf6 5. c4 f5 6. Nc3 Bg7 7. Qc2 O-O 8. g3
a6 9. e3 Qa5 10. Nge2 b5 11. Nc1 d6 12. Nb3 Qb6 13. cxb5 Nd7 14. bxa6 Ne5 15.
Nd2 Bxa6 16. Rb1 Rfe8 17. a3 Ng4 18. Nc4 Qd8 19. Nd1 f4 20. gxf4 Qh4 21. Qd2
Nxh2 22. Rxh2 Qxh2 23. Qe2 Qxf4 24. exf4 Bxc4 25. Qxe8+ Rxe8+ 26. Ne3 Bxd5 27.
Kd2 Ba2 28. Rc1 Rb8 29. Nd1 Bh6 30. Ke3 Re8+ 31. Kf3 Bd5+ 32. Kg3 Re1 33. Bh3
Bb3 34. Bg4 Rg1+ 35. Kh3 Bxf4 36. Rb1 Bc2 37. Ra1 Be4 38. f3 Rg3+ 39. Kh4 g5+
40. Kh5 Bg6+ 41. Kh6 Rh3+ 0-1

[Event "32. Copenhagen Open (Politiken Cup)"]
[Site "Elsinore"]
[Date "2010.07.31"]
[Round "1"]
[White "Gade, Jens"]
[Black "Torner Planell, Josep Ramon"]
[Result "0-1"]
[WhiteElo "1551"]
[BlackElo "2034"]
[PlyCount "42"]
[EventDate "2010.07.31"]
[EventType "swiss"]
[EventRounds "10"]
[EventCountry "DEN"]
[Source "ChessBase"]
[SourceDate "2010.09.01"]

1. f4 Nf6 2. e3 g6 3. Nf3 Bg7 4. Be2 d6 5. O-O O-O 6. Nc3 b6 7. d3 Bb7 8. Bd2
Nbd7 9. e4 c5 10. b3 a6 11. Rb1 b5 12. a4 Bc6 13. axb5 axb5 14. Ra1 Rxa1 15.
Qxa1 b4 16. Na4 Nxe4 17. Qc1 Nxd2 18. Qxd2 Qa5 19. d4 cxd4 20. Nxd4 Bxa4 21.
Ra1 Qc5 0-1

[Event "32. Copenhagen Open (Politiken Cup)"]
[Site "Elsinore"]
[Date "2010.07.31"]
[Round "1"]
[White "Gislason, Gudmundur"]
[Black "Nielsen, Jens Holm"]
[Result "1/2-1/2"]
[WhiteElo "2351"]
[BlackElo "1901"]
[PlyCount "141"]
[EventDate "2010.07.31"]
[EventType "swiss"]
[EventRounds "10"]
[EventCountry "DEN"]
[Source "ChessBase"]
[SourceDate "2010.09.01"]

1. d4 d5 2. Nf3 g6 3. c4 c6 4. Nc3 Nf6 5. Ne5 Bg7 6. g3 O-O 7. Bg2 dxc4 8. Nxc4
Be6 9. Qd3 Nd5 10. a3 Nb6 11. Nxb6 Qxb6 12. Be3 Qb3 13. O-O Rd8 14. Qd2 Na6 15.
Rac1 Rd7 16. Rfd1 Rad8 17. d5 Nc7 18. Bd4 Bxd4 19. Qxd4 Nxd5 20. Nxd5 Bxd5 21.
Rd3 Qb6 22. Qe5 Be6 23. Rxd7 Rxd7 24. h4 h5 25. Bf3 Qd4 26. Qxd4 Rxd4 27. b4
Bd5 28. Kg2 e5 29. Bxd5 Rxd5 30. Kf3 Kf8 31. Rc4 Ke7 32. Ke3 f5 33. f3 Kd6 34.
Rc1 c5 35. bxc5+ Rxc5 36. Rd1+ Ke6 37. Rd3 Rc4 38. Kf2 b5 39. Rd8 Ra4 40. Re8+
Kf6 41. Rb8 a6 42. Rb6+ Kg7 43. Re6 Rxa3 44. Rxe5 b4 45. Re7+ Kf6 46. Rb7 a5
47. Rb6+ Ke5 48. Rxg6 b3 49. Rb6 Kd4 50. g4 fxg4 51. fxg4 hxg4 52. h5 Kc5 53.
h6 b2 54. Rxb2 Rh3 55. Rc2+ Kb4 56. Rc6 a4 57. Rg6 Kb3 58. Rb6+ Kc4 59. Rg6 a3
60. Rxg4+ Kb3 61. Rg6 a2 62. Rb6+ Ka3 63. Ra6+ Kb2 64. Rb6+ Ka3 65. Ra6+ Kb2
66. Rb6+ Ka3 67. Ra6+ Kb3 68. Rb6+ Kc2 69. Ra6 Kb2 70. Rb6+ Ka3 71. Ra6+
1/2-1/2